Statistics for USA: Towns with the same name European capital cities

Click here to take the quiz!

General Stats

  • This quiz has been taken 3,316 times
  • The average score is 17 of 23

Answer Stats

US State(s)European capital% Correct
Texas + 30 othersParis
96%
Ohio + 4 othersLondon
95%
New Mexico + 6 othersMadrid
92%
Georgia + 12 othersRome
92%
Ohio + 20 othersBerlin
89%
Georgia + 21 othersAthens
87%
Maine + 14 othersLisbon
87%
Idaho + 19 othersMoscow
86%
MinnesotaOslo
86%
Ohio + 20 othersDublin
84%
New York + 10 othersAmsterdam
83%
New York + WisconsinStockholm
83%
Wisconsin + 2 otherBrussels
79%
Virginia + 16 othersVienna
79%
Indiana + 17 othersWarsaw
79%
Indiana + 9 othersBern(e)
74%
Georgia + MissouriBudapest
69%
Oklahoma + 2 othersPrague
69%
New YorkCopenhagen
68%
Montana + 5 othersBelgrade
51%
New York + MichiganRiga
49%
Wisconsin + IowaLuxembourg
40%
CaliforniaSan Marino
25%

Score Distribution

Percentile by Number Answered

Percent of People with Each Score

Your Score History

You have not taken this quiz